000 00295nam a22001337a 4500
008 170921b xxu||||| |||| 00| 0 eng d
020 _a9780823989409
041 _aeng
080 _a902
100 _a45
101 _aARK
245 _aHOME LIFE IN ANCIENT GREECE
_cAPEL,M.A
942 _2udc
_cBK
999 _c28890
_d28890